रत्न - कंगन तथा अन्य कहानियाँ (Record no. 1466755)

MARC details
000 -LEADER
fixed length control field 01071 a2200241 4500
005 - DATE AND TIME OF LATEST TRANSACTION
control field 20260306142830.0
008 - FIXED-LENGTH DATA ELEMENTS--GENERAL INFORMATION
fixed length control field 260306b |||||||| |||| 00| 0 eng d
020 ## - INTERNATIONAL STANDARD BOOK NUMBER
International Standard Book Number 9789360866129 (hbk)
037 ## - SOURCE OF ACQUISITION
Terms of availability TB
040 ## - CATALOGING SOURCE
Original cataloging agency AL
Transcribing agency AL
041 ## - LANGUAGE CODE
Source of code hin
Language code of text/sound track or separate title hin
Language code of original rus
084 ## - COLON CLASSIFICATION NUMBER
Classification number O142,3M70x 152R4
Assigning agency CRL
100 ## - MAIN ENTRY--PERSONAL NAME
Personal name कुप्रिन, आलेकसांद्र
9 (RLIN) 860905
245 ## - TITLE STATEMENT
Title रत्न - कंगन तथा अन्य कहानियाँ
260 ## - PUBLICATION, DISTRIBUTION, ETC.
Name of publisher, distributor, etc. राजकमल प्रकाशन,
Date of publication, distribution, etc. 2024.
Place of publication, distribution, etc. दिल्ली, भारत:
300 ## - PHYSICAL DESCRIPTION
Extent 239पृ.
365 ## - TRADE PRICE
Price amount 895.00
Currency code INR
546 ## - LANGUAGE NOTE
Language note Translated from Russian to Hindi
650 ## - SUBJECT ADDED ENTRY--TOPICAL TERM
Topical term or geographic name entry element रशियन कहानी
700 ## - ADDED ENTRY--PERSONAL NAME
Personal name वर्मा, निर्मल
Relator term अनुवादक
9 (RLIN) 860608
942 ## - ADDED ENTRY ELEMENTS (KOHA)
Koha item type Textbook
Source of classification or shelving scheme Colon Classification (CC)
Classification part O142,3M70x 152R4
Holdings
Withdrawn status Lost status Source of classification or shelving scheme Damaged status Not for loan Home library Current library Date acquired Source of acquisition Cost, normal purchase price Inventory number Total Checkouts Full call number Barcode Date last seen Cost, replacement price Price effective from Koha item type
    Colon Classification (CC)     Arts Library Arts Library 2026-01-15 56/ राजकमल प्रकाशन 716.00 12681 & 2026-01-14   O142,3M70x 152R4 AL1805131 2026-01-15 895.00 2026-01-15 Textbook
Copyright @ Delhi University Library System